01394cam a2200397 a 45000010008000000030004000080050017000120080041000290100017000700160020000870200049001070200046001560200062002020200059002640350024003230350039003470350017003860400046004030420008004490500014004570600014004710820020004852450103005052460012006082500013006202600051006333000064006845040051007486500013007996500032008126500030008446500022008747000018008967000023009147000059009379052097OSt20150408114046.0120623s2012 paua f b 001 0 eng  a 20110150247 a1015581272DNLM a9781416069119 (set : hardcover : alk. paper) a1416069119 (set : hardcover : alk. paper) a9780808924395 (international ed., hardcover : alk. paper) a0808924397 (international ed., hardcover : alk. paper) a(OCoLC)ocn712765612 a(OCoLC)712765612z(OCoLC)706025340 a(NNC)9052097 aDNLM/DLCcMUdYDXdBTCTAdNLMdYDXCPdVET apcc00b.C33 2012 4bC192 201200a616.6 C A U22200aCampbell-Walsh urology /ceditor-in-chief, Alan J. Wein ; editors, Louis R. Kavoussi ... [et al.].30aUrology a10th ed. aPhiladelphia, PA :bElsevier Saunders,cc2012. a4 v. (xxxvii, 3753, 95 p.) :bill. (chiefly col.) ;c29 cm. aIncludes bibliographical references and index. 4aUrology. 4aFemale Urogenital Diseases. 4aMale Urogenital Diseases. 4aUrologyxmethods.1 aWein, Alan J.1 aKavoussi, Louis R.1 aCampbell, Meredith F.q(Meredith Fairfax),d1894-1968.